| 000 | 01112nmm a2200397 a 4500 | ||
|---|---|---|---|
| 003 | AR-BaBNM | ||
| 005 | 20251128205151.0 | ||
| 008 | 011101s1994 ||||||||||||||000 | spa|| | ||
| 020 | _a950-718-098-2 | ||
| 040 | _cAR-BaBNM | ||
| 245 | 1 | 0 | _aPara qué sirve la escuela |
| 250 | _a3ª ed. | ||
| 260 |
_aBuenos Aires _bTesis _bNorma _c1994 |
||
| 300 | 0 | _a174 p. | |
| 504 | _aContiene bibliografía al final de cada capítulo | ||
| 650 | 4 | _aPAPEL DE LA ESCUELA | |
| 650 | 4 | _aPOLITICA EDUCATIVA | |
| 650 | 4 | _aHISTORIA DE LA EDUCACION | |
| 650 | 4 | _aDEMANDA DE EDUCACION | |
| 650 | 4 | _aDEMOCRATIZACION DE LA EDUCACION | |
| 650 | 4 | _aCRISIS DE LA EDUCACION | |
| 651 | 4 | _aArgentina | |
| 651 | 4 | _aAmérica Latina | |
| 653 | 0 | _aINSTITUCIONES EDUCATIVAS | |
| 653 | 0 | _aGESTION INSTITUCIONAL | |
| 653 | 0 | _aEQUIDAD | |
| 653 | 0 | _aEDUCACION PUBLICA | |
| 700 | 1 |
_aFilmus, Daniel _ecompilador |
|
| 700 | 1 | _aAguerrondo, Inés | |
| 700 | 1 | _aBraslavsky, Cecilia | |
| 700 | 1 | _aFrigerio, Graciela | |
| 700 | 1 | _aPuiggrós, Adriana | |
| 700 | 1 | _aTedesco, Juan Carlos | |
| 942 | _cBK | ||
| 998 | _cenrique | ||
| 999 |
_c10262 _d10262 |
||